Les Jeux Olympiques en 100 questions progressives - Statistiques

Statistiques générales
  • Ce quiz a été pris 357 fois
  • Le résultat moyen est 34 sur 100
Statistiques - réponses
% Question Réponse % Correct
22 Citez une des 3 villes qui aura organisé les JO à trois reprises en 2024 Paris | Londres | Athènes
99%
1 Dans quel pays actuel se déroulaient les jeux antiques ? Grèce
98%
2 Dans quelle ville vont se dérouler les JO de 2024 ? Paris
98%
3 Où se sont déroulés les derniers JO d'été ? Tokyo
90%
53 Les 1ers JO modernes se déroulant en Asie ont lieu à Tokyo
90%
28 Combien d'éditions des JO se sont déroulées en Océanie ? 3 | Trois
75%
23 Citez une des cinq disciplines du pentathlon antique Disque | Javelot | Saut en longueur | Course | Lutte
74%
5 A quelle ville Paris va-t-elle passer le drapeau pour les JO de 2028 ? Los Angeles
74%
4 Dans quel pays vont avoir lieu les prochains jeux d'hiver Italie
73%
13 Combien d'années séparent deux éditions des JO ? 4 | Quatre
71%
6 Paris va organiser en 2024 les JO pour la (...) fois 3e | troisième
67%
12 Dans quelle ville se déroulent les 1ers JO modernes ? Athènes
67%
25 Les 2e Jeux modernes se déroulent en France
65%
29 La France organisera les JO d'hiver en 2030
58%
24 Pour participer aux JO dans l'Antiquité, jusqu'à l'invasion romaine, il fallait être de "nationalité" Grecque
54%
59 Quel pays a remporté le plus de médailles, toutes éditions des Jeux confondues ? Etats-Unis
53%
85 Les victimes de l'attentat de Munich pratiquait des disciplines différentes, citez-en une... Haltérophilie | Lutte | Athlétisme | Tir | Escrime
53%
31 Les JO de 1944 devaient se dérouler à Londres
53%
21 Citez une des deux éditions des JO annulés à cause de la 2e Guerre mondiale (année) 1940 | 1944
52%
14 Quel saut existait dans l'antiquité, le saut à la perche, en hauteur, en longueur ou le triple saut longueur
52%
15 Les femmes participent pour la 1ère fois aux épreuves en 1900
49%
19 En raison de la 1ère Guerre mondiale, les JO de l'année (...) ont été annulés 1916
49%
17 Nadia Comaneci se distingue lors des JO de 1976 | Montréal
49%
74 Paris a présenté sa candidature plusieurs fois sans succès, retrouvez une des années des JO d'été qui ne lui ont pas été attribués 1992 | 2008 | 2012
49%
36 Citez une des disciplines présentes sans interruption aux JO modernes depuis leur refondation Athlétisme | Escrime | Natation | Gymnastique
49%
16 En 1896, combien de nations participent aux JO ? 8, 12, 14, 17 ou 23 ? 14
48%
18 Les JO de 2020 se sont déroulés en (année) 2021
47%
20 Le sportif le plus médaillé des JO (28) est le nageur Michael Phelps
47%
54 Les 1ers JO retransmis en direct sont ceux de (année) 1964
45%
65 Le premier relais de la flamme a lieu en 1936
44%
62 Les 1ers Jeux paralympiques ont lieu sous le nom de Jeux Olympiques parallèles en 1960
44%
7 Les jeux antiques se déroulaient dans le centre religieux d' Olympie
42%
11 Les premiers JO modernes se déroulent en 1896
41%
89 Le format actuel des trois médailles, or, argent, bronze est apparu en 1904
41%
35 Le drapeau olympique apparait en 1920
41%
27 Les 1ers JO modernes se déroulant en Amérique du Sud ont lieu à Rio-de-Janeiro en 2016
41%
8 Qui a fondé les JO modernes ? Pierre de Coubertin
41%
38 La 1ère flamme olympique est allumée en 1928
40%
37 Les athlètes sont logés dans le (2 mots) Village olympique
40%
46 Les JO de 1916, annulés, devaient se dérouler à Berlin
39%
26 Les JO d'hiver alternent avec les JO d'été tous les deux ans depuis 1994
38%
10 Quelle était la nationalité de Pierre de Coubertin ? Français
38%
50 La 1ère des langues officielles des JO est le Français
38%
66 Combien de médailles olympiques ont été retirées pour dopage ? 49, 63, 88, 111, 133 ou 150 150
37%
68 Quel pays s'est vu retirer le plus de médaillés pour dopage ? Russie
36%
39 Milon de Crotone, célèbre athlète de l'antiquité pratiquait la lutte
35%
9 Quel titre portait le fondateur des JO modernes ? Baron
34%
30 Les Jeux paralympiques se déroulent dans la même ville que les JO depuis les JO d'été qui ont eu lieu à Séoul
33%
34 Citez un des lancers d'athlétisme qui existait déjà dans l'antiquité Javelot | Disque
32%
93 Les 1ers JO diffusés sur une télé locale sont ceux qui se déroulent en 1936 en (pays) Allemagne
30%
32 Les 1ers JO d'hiver ont été organisés à Chamonix
30%
63 Citez une dépendance située en Asie qui est reconnue par le CIO et dispose d'un comité national Taïwan | Hong Kong
30%
33 Lors du défilé des athlètes les pays défilent par ordre alphabétique
29%
80 Les JO de 1940 devaient initialement se dérouler dans ce pays, qui y renonce en 1938 Japon
29%
55 La sportive française la plus médaillée (5) est l'escrimeuse Laura Flessel
29%
51 Un sport fait clairement référence dans son nom à son origine antique la (2 mots) Lutte gréco-romaine
28%
58 Quelle discipline a rapporté le plus de médailles à la France ? Escrime
27%
94 En 1956, les JO de Melbourne sont boycottés pour protester contre la répression soviétique en Hongrie par 3 pays, citez-en un Pays-Bas | Espagne | Suisse
27%
40 Les JO de la Jeunesse ont été créés en 2010
26%
95 Lors des JO de 1896, seules deux médailles étaient distribuées, elles étaient en (2 possibilités) Argent | Cuivre
25%
75 En 2032, les JO se dérouleront à Brisbane
25%
41 Lors du défilé des athlètes, le pays hôte défile en dernier
24%
61 Les 1ers JO modernes se déroulant en Océanie ont lieu à Melbourne
24%
71 Un attentat est commis lors des JO de (...) faisant 12 victimes Munich
23%
72 En 1980, combien de délégations boycottent les JO ? 27, 39, 54, 64, 71 ou 82 ? 64
22%
77 Les 1ers JO retransmis par la télévision dans le monde sont ceux organisés en 1956 en Australie
22%
64 Le comite national olympique du Royaume-Uni est connu sous le nom de Comité de Grande-Bretagne
21%
60 Cette discipline nautique apparait en 1900 et demeure au programme des JO d'été Aviron
20%
86 Les prochains JO de la jeunesse doivent avoir lieu en 2026 dans la capitale d'un pays africain, laquelle ? Dakar
20%
78 La cérémonie d'ouverture des JO de 2024 aura lieu le (jour/mois) 26 juillet
17%
42 Le pugilat, discipline antique, est considéré comme l'ancêtre d'un sport moderne (2 mots) la boxe anglaise
17%
47 Les premiers JO modernes se déroulant sur le continent américain ont lieu à Saint-Louis
16%
81 Après l'abandon du pays initialement choisi, les JO de 1940 sont attribués à cette capitale avant d'être finalement annulés Helsinki
15%
76 En 1984, quel pays du bloc de l'Est se rend aux JO de Los Angeles ? Roumanie
15%
43 Dans l'antiquité se déroulait une épreuve hippique disparue, une course de chars
13%
57 La première championne olympique, Charlotte Cooper pratique cette discipline Tennis
13%
97 Le plus ancien Comité olympique national africain est celui de ce pays Egypte
12%
45 Le Français le plus médaillé aux JO (7) est Martin Fourcade
11%
88 La Trêve olympique devrait commencer en 2024 le (jour/mois) 19 juillet
9%
44 La devise des JO selon Coubertin était (3 mots) Citius Altius Fortius
9%
96 Les athlètes terminant de la 4e à la 8e place reçoivent un (2 mots) diplôme olympique
9%
52 La 1ère mascotte olympique apparait lors des JO de (ville) Grenoble
9%
73 La France est le 1er pays en nombre de médailles en cyclisme | croquet
8%
90 Citez un des parrains de la flamme olympique en 2024 Coca Cola | Banque Populaire | Caisse d'Epargne
7%
56 La sportive la plus médaillée (18) des JO est la gymnaste Larissa Latynina
7%
67 En 1906 se déroulent les jeux dit Intercalaires
6%
48 Le premier champion olympique noir obtient une médaille d'or dans ce sport Rugby
6%
70 Sous le nom de Comité ROC ont participé aux JO des sportifs de nationalité russe
6%
99 Ce pays africain francophone est le 100e reconnu par le CIO en 1963 Sénégal
6%
87 Citez une des récompenses reçues par les champions olympiques dans l'antiquité Couronne d'olivier | Branche de palmier | Ruban de laine rouge | Taenia
5%
92 La Charte olympique actuelle a été adoptée en 2019
4%
69 Les premiers jeux antiques auraient eu lieu avant Jésus-Christ en moins 776
4%
49 Le dernier pays reconnu par le CIO en 2015 est le Soudan-du-Sud
4%
82 La Torche de Paris 2024, comme est nommée la flamme, est fabriquée par une entreprise française. Laquelle ? ArcelorMittal
3%
91 Les médailles des JO de Pékin de 2008 sont incrustées de jade
3%
100 Les médailles olympiques de 2024 ont été créées par le joaillier Chaumet
1%
79 Lors des JO d'hiver de 1992 les médailles sont réalisées par la maison Lalique
1%
84 Les mascottes des JO de 2024 s'appellent les Phryges
1%
98 Dans l'antiquité les JO alternaient avec trois autre jeux. Citez-en un. Pythiques | Néméens | Isthmiques
1%
83 Le 1er sportif disqualifié pour dopage était de nationalité... suédoise
1%
Aucun quiz correspondant
Distribution des résultats
% des personnes avec chaque résultat
Percentile par nombre de réponses
Votre historique - résultats
Vous n’avez pas pris ce quiz